Le classi ceramiche della "tradizione mista" a Kos nel Tardo Bronzo IA /
This volume focuses on the pottery classes of the 'Entangled Tradition', recovered at the settlement of the 'Serraglio' on Kos during the early Late Bronze Age period. The results reveal new information on the chronology, typology, and decoration of Koan Painted Fine (PF) and Pai...
المؤلف الرئيسي:
التنسيق: كتاب الكتروني
اللغة: Italian
منشور في:
Summertown, Oxford :
Archaeopress Publishing Ltd,
2019.
سلاسل:
Access archaeology.
الموضوعات:
الوصول للمادة أونلاين: Login to view Source
الوسوم: إضافة وسم
رقم الطلب: GN799.P6
| LEADER | 01947nam a2200409 i 4500 | ||
|---|---|---|---|
| 001 | EDZ0002020406 | ||
| 003 | StDuBDS | ||
| 005 | 20230412182222.0 | ||
| 006 | m|||||o||d|||||||| | ||
| 007 | cr ||||||||||| | ||
| 008 | 190228s2019 enka fob 000|0|ita|d | ||
| 020 | |a 9781784918866 (ebook) : |c No price | ||
| 040 | |a StDuBDS |b eng |c StDuBDS |e rda |e pn | ||
| 050 | 4 | |a GN799.P6 | |
| 082 | 0 | 4 | |a 939.16 |2 23 |
| 100 | 1 | |a Vitale, Salvatore |c (Archaeologist), |e author. | |
| 245 | 1 | 3 | |a Le classi ceramiche della "tradizione mista" a Kos nel Tardo Bronzo IA / |c Salvatore Vitale. |
| 264 | 1 | |a Summertown, Oxford : |b Archaeopress Publishing Ltd, |c 2019. | |
| 300 | |a 1 online resource (232 pages) : |b illustrations (black and white, and colour). | ||
| 336 | |a text |2 rdacontent | ||
| 336 | |a still image |2 rdacontent | ||
| 337 | |a computer |2 rdamedia | ||
| 338 | |a online resource |2 rdacarrier | ||
| 490 | 1 | |a Access archaeology | |
| 500 | |a Previously issued in print: 2018. | ||
| 504 | |a Includes bibliographical references. | ||
| 520 | 8 | |a This volume focuses on the pottery classes of the 'Entangled Tradition', recovered at the settlement of the 'Serraglio' on Kos during the early Late Bronze Age period. The results reveal new information on the chronology, typology, and decoration of Koan Painted Fine (PF) and Painted Medium-Coarse to Coarse (PMC-C) ceramics. | |
| 521 | |a Specialized. | ||
| 588 | |a Description based on online resource; title from home page (viewed on February 28, 2019). | ||
| 650 | 0 | |a Pottery, Prehistoric |z Greece |z Ks̄ (Municipality) | |
| 651 | 0 | |a Kōs (Greece : Municipality) |x Antiquities. | |
| 776 | 0 | 8 | |i Print version : |z 9781784918859 |
| 830 | 0 | |a Access archaeology. | |
| 856 | 4 | 0 | |3 Archaeopress |u http://library.arce.org:8087/Archaeopress/Products/9781784918859 |
| 942 | |2 lcc |c EBOOK | ||
| 952 | |0 0 |1 0 |4 0 |6 GN0799 P6 |7 1 |9 46405 |a ARCH |b ARCH |d 2023-04-12 |l 0 |o GN799.P6 |r 2023-04-12 00:00:00 |w 2023-04-12 |y EBOOK | ||
| 999 | |c 52063 |d 52063 | ||
